El estilo de mis matemáticas: antología

Uloženo v:
Podrobná bibliografie
Hlavní autor: Redolés, Mauricio (Autor)
Médium: Kniha
Jazyk:španělština
Vydáno: Santiago Penguin Ramdon House 2017
Vydání:1a. ed
Témata:
Tagy: Přidat tag
Žádné tagy, Buďte první, kdo vytvoří štítek k tomuto záznamu!

MARC

LEADER 00000cam a2200000 a 4500
001 UCC0305
003 CL-VaPUC
008 170804e20170000cl |||||||||||||||||spa|d
020 |a 9789568856502 
082 0 4 |a Ch861  |b RED  |2 21 
100 |a Redolés, Mauricio  |e author  |9 471717 
245 1 3 |a El estilo de mis matemáticas: antología 
250 |a 1a. ed 
300 |a 259 p 
942 |c BK 
945 |d 20170804 10:38:00  |a dcastane 
260 |a Santiago  |b Penguin Ramdon House  |c 2017 
650 0 |a Poesías chilenas   |9 265280 
650 0 |a Literatura chilena   |9 308278 
583 |a last modification  |c 20170804 10:38:00  |k Rodrigo Vera 
999 |c 369166  |d 369164 
952 |0 0  |1 0  |3 erb  |4 0  |6 CH_861_000000000000000_RED_2017  |7 0  |8 A  |9 484756  |a BIBART  |b BIBART  |i 5412374  |l 1  |o Ch861 RED 2017  |p 5412374  |r 2025-03-25  |s 2025-03-18  |w 2019-11-24  |y BK  |z Catalogado en:20170804  |k ART